| 000 | 00639cam a2200217 4500500 | ||
|---|---|---|---|
| 005 | 20260329003739.0 | ||
| 041 | _afre | ||
| 042 | _adc | ||
| 100 | 1 | 0 |
_aGalou, Adam _eauthor |
| 245 | 0 | 0 | _aSuis-je l’auteur de ma vie ? |
| 260 | _c2016. | ||
| 500 | _a54 | ||
| 690 | _aExistence | ||
| 690 | _aFrançois Jullien | ||
| 690 | _aMichel Foucault | ||
| 690 | _aPaul Ricœur | ||
| 690 | _aPeter Sloterdijk | ||
| 690 | _aRécit | ||
| 786 | 0 | _nPhilosophie magazine | 105 | 12-1 | 2016-12-01 | p. 24-24 | 1951-1787 | |
| 856 | 4 | 1 | _uhttps://shs.cairn.info/magazine-philosophie-magazine-2016-12-1-page-24?lang=fr&redirect-ssocas=7080 |
| 999 |
_c1827299 _d1827299 |
||